The use and management of plastic waste in khan chamkarmon, phnom penh city, ការគ្រប់គ្រង និងប្រើប្រាស់សំណល់ប្លាស្ទិចក្នុងខណ្ឌចំការមន ក្រុងភ្នំពេញ (Record no. 4235)

000 -LEADER
fixed length control field 00643nam a22001577a 4500
003 - CONTROL NUMBER IDENTIFIER
control field OSt
005 - DATE AND TIME OF LATEST TRANSACTION
control field 20151208154041.0
008 - FIXED-LENGTH DATA ELEMENTS--GENERAL INFORMATION
fixed length control field 151208b xxu||||| |||| 00| 0 eng d
040 ## - CATALOGING SOURCE
Transcribing agency RUA
082 ## - DEWEY DECIMAL CLASSIFICATION NUMBER
Classification number ATM ROS 2008 B195 Or.1
100 ## - MAIN ENTRY--PERSONAL NAME
9 (RLIN) 4545
Personal name ROS, THYRA
245 ## - TITLE STATEMENT
Title The use and management of plastic waste in khan chamkarmon, phnom penh city, ការគ្រប់គ្រង និងប្រើប្រាស់សំណល់ប្លាស្ទិចក្នុងខណ្ឌចំការមន ក្រុងភ្នំពេញ
260 ## - PUBLICATION, DISTRIBUTION, ETC. (IMPRINT)
Place of publication, distribution, etc. Phnom Penh
Name of publisher, distributor, etc. RUA
Date of publication, distribution, etc. 2008
300 ## - PHYSICAL DESCRIPTION
Extent viii, 40p.
Other physical details ill.
Dimensions 29cm.
942 ## - ADDED ENTRY ELEMENTS (KOHA)
Source of classification or shelving scheme
Koha item type ATM
Holdings
Price effective from Date last seen Permanent Location Not for loan Date acquired Source of classification or shelving scheme Koha item type Barcode Lost status Damaged status Withdrawn status Current Location Full call number
2015-12-082015-12-08Library Block B 2015-12-08 ATMRUA043100   Library Block BATM ROS 2008 B195 Or.1
2015-12-082015-12-08Library Block B 2015-12-08 ATMRUA017627   Library Block BATM ROS 2008 B195 Or.2
2015-12-082015-12-08Library Block B 2015-12-08 ATMRUA009543   Library Block BATM ROS 2008 B195 Or.3
2015-12-082015-12-08Library Block B 2015-12-08 ATMRUA017682   Library Block BATM ROS 2008 B195 Or.4
2015-12-082015-12-08Library Block B 2015-12-08 ATMRUA017754   Library Block BATM ROS 2008 B195 Or.5
2015-12-082015-12-08Library Block B 2015-12-08 ATMRUA017826   Library Block BATM ROS 2008 B195 Or.6
2015-12-082015-12-08Library Block B 2015-12-08 ATMRUA017898   Library Block BATM ROS 2008 B195 Or.7
2015-12-082015-12-08Library Block B 2015-12-08 ATMRUA009560   Library Block BATM ROS 2008 B195 Or.8
2015-12-082015-12-08Library Block B 2015-12-08 ATMRUA017970   Library Block BATM ROS 2008 B195 Or.9
2015-12-082015-12-08Library Block B 2015-12-08 ATMRUA017538   Library Block BATM ROS 2008 B195 Or.10
2015-12-082015-12-08Library Block B 2015-12-08 ATMRUA017610   Library Block BATM ROS 2008 B195 Or.11
2015-12-082015-12-08Library Block B 2015-12-08 ATMRUA009615   Library Block BATM ROS 2008 B195 Or.12
មជ្ឈមណ្ឌលឯការនៃសាកលវិទ្យាល័យភូមិន្ទកសិកម្មចំការដូង

Powered by Koha